000 00460nam a2200193Ia 4500
003 OSt
005 20250813092830.0
008 250729s2005 xx 000 0 und d
020 _a978-8126108152
040 _cAL
041 _aeng
082 _a510.7 KUMT
100 _aVenkataiah S
_9221213
245 _aPopulation education
260 _aNew Delhi
_bAnnual Publication
_c2005
300 _a341p
650 _aMathematics
_9221214
942 _2ddc
_cBED
999 _c234907
_d234907